000 00757nam a22001817a 4500
003 UA-OsUOA
001 14767
007 ta
008 20031019b un ||||| |||| 00| 0 ukr d
100 _aЛазарчук Г. С.
942 _cSA
040 _aUA-OsUOA
_cUA-OsUOA
_dUA-OsUOA
245 _a"У ліцеї готують спортивну еліту": [Про успіхи Костопіл. обл. ліцею-інтернату спорт. профілю розповідає заст. дир. з спорт. роботи цього закл. Г. С. Лазарчук]
300 _aС.2
955 _a0
773 0 _w0
_tВічеве слово
_dКостопіль
_d2003
_g№37/ 13 верес./
650 7 _aКраєзнавча робота
_2UDC
999 _c300931
_d300931